00894nam a22002297a 450000500170000001000130001702000220003003500130005203700160006504000120008108200160009310000190010924502240012826000480035227000630040030000280046349000690049150000420056065000300060265000140063270000180064620170124110114.0 aA-688960 c00.00a8170224314 aA-688960 bCen Lib/Ret aDPLbEN a954.12bAGG aAggarwal, J.C. aModern history of Punjab,a look back into ancient peaceful Punjab focusing confrontation and failures leading to present Punjab problem, and a peep ahead :cby J.C.Aggarwal [and] S.P.Agrawalbrelevant select documents / bConcept Publishing CompanyaNew Delhic1992 aA/15-16, Commercial Block, Mohan GardenbNew Delhie110059 a312p. :c20cm(Hb)bill. aConcepts in communication informatics and librarianship vno. 37 aIncludes bibliographical references  aPunjab (India) -- History aPandschab aAgrawal, S.P.